流星追逐记 (Record no. 32045)

000 -LEADER
fixed length control field 00433nam a22001697a 4500
003 - CONTROL NUMBER IDENTIFIER
control field MPLRDC
005 - DATE AND TIME OF LATEST TRANSACTION
control field 20220104142600.0
008 - FIXED-LENGTH DATA ELEMENTS--GENERAL INFORMATION
fixed length control field 210129b ||||| |||| 00| 0 eng d
082 ## - DEWEY DECIMAL CLASSIFICATION NUMBER
Classification number 876.57 VER-4
100 ## - MAIN ENTRY--PERSONAL NAME
Personal name 儒勒. 凡尔纳
245 ## - TITLE STATEMENT
Title 流星追逐记
Statement of responsibility, etc. 汪文漪等译
250 ## - EDITION STATEMENT
Edition statement 一版一刷
260 ## - PUBLICATION, DISTRIBUTION, ETC.
Place of publication, distribution, etc. 中国
Name of publisher, distributor, etc. 江苏人民出版社
Date of publication, distribution, etc. 1980
300 ## - PHYSICAL DESCRIPTION
Other physical details 244
650 ## - SUBJECT ADDED ENTRY--TOPICAL TERM
Topical term or geographic name entry element 法国文学
942 ## - ADDED ENTRY ELEMENTS (KOHA)
Koha item type Book
-- 876.57 VER-4
Holdings
Withdrawn status Lost status Source of classification or shelving scheme Damaged status Not for loan Collection code Home library Current library Shelving location Date acquired Cost, normal purchase price Total Checkouts Full call number Barcode Date last seen Date last checked out Price effective from Koha item type Public note
            Malaysian Public Library, Research and Development Centre Malaysian Public Library, Research and Development Centre   10/12/2007 3.80   876.57 VER-4 00032139 18/03/2021 22/07/2016 18/03/2021 Book mplrdc

© 2022. Malaysian Public Library, Research and Development Centre. All Right ReservedE-mailmplrdc@help.edu.my 

Powered by Koha